Países y Territorios de Oceanía - Estadísticas

Estadísticas generales
  • Esta prueba ha sido intentada 244 veces
  • La puntuación promedio es 23 de 34
Estadísticas de respuestas
Países % Correcto
Nueva Zelanda
99%
Australia
98%
Islas Marshall
97%
Islas Salomón
96%
Samoa
96%
Tonga
96%
Fiyi
95%
Nauru
95%
Vanuatu
95%
Micronesia
94%
Tuvalu
94%
Palaos
93%
Kiribati
92%
Papúa Nueva Guinea
87%
Papúa
83%
Samoa Americana
78%
Polinesia Francesa
77%
Guam
75%
Islas Cook
75%
Nueva Caledonia
75%
Niue
70%
Islas Marianas del Norte
64%
Wallis y Futuna
62%
Islas Pitcairn
61%
Tokelau
61%
Hawái
50%
Isla Norfolk
48%
Isla de Pascua
38%
Islas Ultramarinas Menores
19%
Islas del Mar del Coral
10%
Molucas
9%
Papúa Occidental
8%
Islas Ashmore y Cartier
7%
Molucas Septentrionales
5%
No se encontraron pruebas coincidentes
Distribución de puntuación
Porcentaje de gente con cada puntuación
Porcentaje por número respondido
Historial de tus puntuaciones
No has intentado esta prueba.